000 00851nam a2200229 a 4500
001 000002913
003 DO-SdBNP
005 20211119102227.0
008 090706s2004 dr ab 000 0 spa d
040 _aDO-SdBNP
_bspa
_cBNPHU
082 4 _a972.9343
_bM827b
_222
100 1 _aMora Oviedo, Hostos Guaroa
_99254
245 1 0 _aBánica :
_bapuntes para su historia /
_cHostos Guaroa Mora Oviedo ; prólogo Miguel Casado Tejeda.
260 _aSanto Domingo :
_b[s.n.],
_c2004.
300 _a240 p. :
_bretrs. ;
_c21 cm.
650 4 _aCiudades y pueblos
_91095
_zRepública dominicana
651 4 _aBánica (República Dominicana)
_99255
_xHistoria local
651 4 _aBánica (República Dominicana)
_xVida social y costumbres
_99256
700 1 _aCasado Tejeda, Miguel,
_epról.
_99257
910 _aValidado. Control de calidad MMOLINA
942 _2ddc
_cLBS1
999 _c2747
_d2747